MyGZULibrary

The informal sector in southern Africa : (Record no. 3565)

MARC details
000 -LEADER
fixed length control field 01214nam a2200337 a 4500
001 - CONTROL NUMBER
control field 739607
003 - CONTROL NUMBER IDENTIFIER
control field GZU
005 - DATE AND TIME OF LATEST TRANSACTION
control field 20201202112533.0
008 - FIXED-LENGTH DATA ELEMENTS--GENERAL INFORMATION
fixed length control field 981107s1996 rh b 001 0 eng
010 ## - LIBRARY OF CONGRESS CONTROL NUMBER
LC control number 98982418
020 ## - INTERNATIONAL STANDARD BOOK NUMBER
International Standard Book Number 1779050275
040 ## - CATALOGING SOURCE
Original cataloging agency DLC
Transcribing agency DLC
042 ## - AUTHENTICATION CODE
Authentication code lcode
043 ## - GEOGRAPHIC AREA CODE
Geographic area code fs-----
050 00 - LIBRARY OF CONGRESS CALL NUMBER
Classification number HD2346
Item number IINF 1996
245 04 - TITLE STATEMENT
Title The informal sector in southern Africa :
Remainder of title an analysis of conceptual, research, and policy issues /
Statement of responsibility, etc. Guy C.Z. Mhone (editor).
246 18 - VARYING FORM OF TITLE
Title proper/short title Informal sector
260 ## - PUBLICATION, DISTRIBUTION, ETC.
Place of publication, distribution, etc. Harare :
Name of publisher, distributor, etc. SAPES Books,
Date of publication, distribution, etc. 1996.
300 ## - PHYSICAL DESCRIPTION
Extent 121 p. ;
Dimensions 21 cm.
440 #0 - SERIES STATEMENT/ADDED ENTRY--TITLE
Title Economic policy series
500 ## - GENERAL NOTE
General note "SAPES Trust"--P. [4] of cover.
500 ## - GENERAL NOTE
General note "Southern Africa Regional Institute for Policy Studies ..."-- Ser. t.p.
504 ## - BIBLIOGRAPHY, ETC. NOTE
Bibliography, etc. note Includes bibliographical references (p. [111]-118) and indexes.
650 #0 - SUBJECT ADDED ENTRY--TOPICAL TERM
Topical term or geographic name entry element Informal sector (Economics)
Geographic subdivision Africa, Southern.
700 1# - ADDED ENTRY--PERSONAL NAME
Personal name Mhone, Guy C. Z.,
Dates associated with a name 1942-
710 2# - ADDED ENTRY--CORPORATE NAME
Corporate name or jurisdiction name as entry element SAPES Trust.
710 2# - ADDED ENTRY--CORPORATE NAME
Corporate name or jurisdiction name as entry element Southern Africa Regional Institute for Policy Studies.
906 ## - LOCAL DATA ELEMENT F, LDF (RLIN)
a 7
b cbc
c origode
d 3
e ncip
f 19
g y-gencatlg
942 ## - ADDED ENTRY ELEMENTS (KOHA)
Source of classification or shelving scheme Library of Congress Classification
Koha item type Books
Classification part 2346
Item part INF
Call number prefix HD
Holdings
Withdrawn status Lost status Damaged status Not for loan Collection code Home library Current library Shelving location Date acquired Total Checkouts Full call number Barcode Date last seen Copy number Price effective from Koha item type Source of classification or shelving scheme
        Non-fiction City Campus Library City Campus Library General Stacks 12/02/2020   HD 2346 INF 1996 B017255 12/02/2020 c.1 12/02/2020 Books  
        Non-fiction Mashava Campus Library Mashava Campus Library General Stacks 05/04/2021   HD 2346 INF 1996 006441 05/04/2021 c.2 05/04/2021 Books Library of Congress Classification
        Non-fiction Mashava Campus Library Mashava Campus Library General Stacks 05/04/2021   HD 2346 INF 1996 006439 05/04/2021 c.3 05/04/2021 Books Library of Congress Classification
        Non-fiction Mashava Campus Library Mashava Campus Library General Stacks 05/04/2021   HD 2346 INF 1996 006436 05/04/2021 c.4 05/04/2021 Books Library of Congress Classification
        Non-fiction Mashava Campus Library Mashava Campus Library General Stacks 05/04/2021   HD 2346 INF 1996 006440 05/04/2021 c.5 05/04/2021 Books Library of Congress Classification